00554nam a2200133Ia 450000500170000000800410001702000150005808200190007310000120009224500680010426000400017230000160021250001920022820250319025525.0240331s9999 xx 000 0 und d a0415084601 bKUHa791.43015 aKuhn, A 4aThe Power of the Image:bEssays on Representation and Sexuality aNew York;aLondon,bRoutledgec1985 avi, 146 p., aIn this challenging collection of essays Annette Kuhn analyses a wide range of films and still photographs, she explores and develops ideas on culturally dominant images and how they work